000 00428nam a2200169Ia 4500
008 210210b2017 xxu||||| |||| 00| 0 eng d
041 _aeng
082 _a398.22K BOLM
100 _aBOLA CHITTARANJANADASA SHETTI
245 _aMatrdharma aliyasantana
260 _aMangaluru
_bNagashakti Prakashana
_c2017
300 _axxiv,164
650 _aMatrdharma
650 _aaliyasantana
690 _aFolklore
906 _a071950
999 _c121701
_d121701